Statistics for Goal50 Men's Best Players List

Click here to take the quiz!

General Stats

  • This quiz has been taken 12 times
  • The average score is 30 of 50

Answer Stats

HintAnswer% Correct
6. EnglandHarry Kane
100%
4. FranceKylian Mbappe
100%
1. ArgentinaLionel Messi
100%
27. MoroccoAchraf Hakimi
90%
32. PortugalBruno Fernandes
90%
31. ArgentinaEmiliano Martinez
90%
2. NorwayErling Haaland
90%
41. South KoreaKim Min Jae
90%
19. ArgentinaLautaro Martinez
90%
9. CroatiaLuka Modric
90%
17. NorwayMartin Odegaard
90%
7. EgyptMohammed Salah
90%
11. PolandRobert Lewandowski
90%
8. BrazilVinicius Jr.
90%
10. PortugalBernardo Silva
80%
20. GermanyJamal Musiala
80%
3. EnglandJude Bellingham
80%
5. BelgiumKevin De Bruyne
80%
45. ArgentinaLisandro Martinez
80%
12. SpainRodri
80%
23. BrazilRodrygo
80%
15. NigeriaVictor Osimhen
80%
18. FranceAntoine Griezmann
70%
13. EnglandBukayo Saka
70%
22. PortugalRuben Dias
70%
14. ArgentinaJulian Alvarez
60%
21. FranceKarim Benzema
60%
24. SpainPedri
60%
35. EnglandJohn Stones
50%
36. EnglandMarcus Rashford
50%
37. FranceTheo Hernandez
50%
44. MoroccoYassine Bounou
50%
29. ArgentinaAlexis Mac Allister
40%
30. BrazilEderson
40%
28. GermanyMarc-Andre ter Stegen
40%
25. PortugalRafael Leao
40%
26. GeorgiaKhvicha Kvaratskhelia
30%
39. ItalyNicole Barella
30%
46. ItalySandro Tonali
30%
50. MoroccoSofyan Amrabat
30%
38. FranceWilliam Saliba
30%
48. FranceAdrien Rabiot
20%
34. BrazilCasemiro
20%
49. PortugalGoncalo Ramos
20%
16. GermanyIlkay Gundogan
20%
33. BrazilGabriel Martinelli
10%
47. ItalyGiovanni Di Lorenzo
10%
42. FranceJules Kounde
10%
40. EnglandKieran Trippier
10%
43. NetherlandsXavi Simons
10%

Score Distribution

Percentile by Number Answered

Percent of People with Each Score

Your Score History

You have not taken this quiz